00991cam a22002893a 45000010005000000030006000050050017000110080041000280400015000690420007000840500009000910500009001001000031001092450116001402600029002565060030002855160020003156530065003356530024004006530041004246530049004656530024005146530063005387000031006018300028006328560041006602898PGUSA20140828083023.0011101s2001||||xxu|||||s|||||000 | eng d aPGUSAbeng adc 4aF206 4aE1511 aJohnston, Mary,d1870-193610aPioneers of the Old South :bA Chronicle of English Colonial Beginningsh[electronic resource] /cMary Johnston bProject Gutenberg,c2001 aPublic domain in the USA. aElectronic text aSouthern States -- History -- Colonial period, ca. 1600-1775 aVirginia -- History aBritish Americans -- Southern States aFrontier and pioneer life -- Southern States aMaryland -- History aUnited States -- History -- Colonial period, ca. 1600-17751 aJohnson, Allen,d1870-1931 0aProject Gutenbergv289840uhttp://www.gutenberg.org/ebooks/2898